000 01383cam a2200337 a 4500
005 20260322212058.0
008 data
010 _a 2009030854
020 _a9781594488894
020 _a1594488894
040 _aDLC
_cDLC
_dDLC
_dDLC
050 0 0 _aBQ7935.B774
_bA78 2009
082 0 0 _a294.3/444
_222
092 _a294.3 A78 2009
100 1 _aGyatso, Tenzin
_d1935-
_cDalai Lama XIV,
245 1 4 _aThe art of happiness :
_ba handbook for living /
_cTenzin Gyatso & Howard C. Cutler.
250 _a10th anniversary ed.
260 _aNew York :
_bRiverhead Books,
_c2009.
300 _axxxii, 320 p. ;
_c22 cm.
500 _aWith a new praface by the Dalai Lama and a new introduction by Howard C. Cutler.
650 0 _aReligious life
_xBuddhism.
650 0 _aHappiness
_xBuddhism.
_xBuddhism.
650 0 _aBuddhism
_xDoctrines.
700 1 _aCutler, Howard C.
856 4 2 _3Contributor biographical information
_uhttp://www.loc.gov/catdir/enhancements/fy1007/2009030854-b.html
856 4 2 _3Publisher description
_uhttp://www.loc.gov/catdir/enhancements/fy1007/2009030854-d.html
906 _a7
_bcbc
_corignew
_d1
_eecip
_f20
_gy-gencatlg
925 0 _aacquire
_b2 shelf copies
_xpolicy default
_eclaim1 2010-02-19
955 _wrd05 2009-07-24
_frc02 2010-03-09 CIP VER to BCCD
001 data
999 _c1382
_d1382